Biggest Cities on the English Channel on a Map - Statistics

General Stats
  • This quiz has been taken 123 times
  • The average score is 8 of 15
Answers on the Map
Answers color-coded by a green-red scale on the quiz's map according to % correct below.
 
Answer Stats
Population City % Correct
1,149,529 Southampton/Portsmouth
96%
97,789 Calais
90%
293,015 Plymouth
86%
590,969 Brighton
81%
234,945 Le Havre
74%
549,747 Bournemouth
73%
181,105 Exeter/Exmouth
59%
81,963 Cherbourg-en-Cotentin
46%
130,813 Eastbourne
43%
144,438 Hastings
42%
183,695 Torquay
39%
71,602 Weymouth
31%
88,810 Folkestone
29%
84,676 Boulogne-sur-Mer
16%
95,515 Saint-Brieuc
12%
No matching quizzes found
Score Distribution
Percent of People with Each Score
Percentile by Number Answered
Your Score History
You have not taken this quiz